Eastern Utah Libraries Catalog: Duchesne, Heber, Roosevelt, & Vernal

Nature. Penguin post office (Record no. 286943)

MARC details
000 -LEADER
fixed length control field 02143ngm a2200469 a 4500
005 - DATE AND TIME OF LATEST TRANSACTION
control field 20200320193926.0
008 - FIXED-LENGTH DATA ELEMENTS--GENERAL INFORMATION
fixed length control field 150412s2015 eng d
024 1# - OTHER STANDARD IDENTIFIER
Standard number or code 841887023566
040 ## - CATALOGING SOURCE
Original cataloging agency MMLLC
Language of cataloging eng
Transcribing agency MMLLC
Description conventions rda
050 14 - LIBRARY OF CONGRESS CALL NUMBER
Classification number QL696.S473+
082 04 - DEWEY DECIMAL CLASSIFICATION NUMBER
Classification number 598.47
Edition number 22
245 00 - TITLE STATEMENT
Title Nature. Penguin post office
Medium [videorecording]/
Statement of responsibility, etc PBS.
246 30 - VARYING FORM OF TITLE
Title proper/short title Penguin post office.
250 ## - EDITION STATEMENT
Edition statement Widescreen.
264 #1 - Production, Publication, Distribution, Manufacture, and Copyright Notice.
Name of producer, publisher, distributor, manufacturer PBS,
Date of production, publication, distribution, manufacture, or copyr 2015.
300 ## - PHYSICAL DESCRIPTION
Extent 1 videodisc (60 min.) :
Other physical details sd., col ;
Dimensions 4 3/4 in.
336 ## - Content Type
Content type term two-dimensional moving image
337 ## - Media type
Media type term video
338 ## - Carrier type
Carrier type term videodisc
344 ## -
-- digital
-- optical
-- rda.
347 ## -
-- video file
-- DVD video
-- all regions
-- rda.
490 1# - SERIES STATEMENT
Series statement Nature (television program).
500 ## - GENERAL NOTE
General note Title and description from available data. Subject to change.
520 ## - SUMMARY, ETC.
Summary, etc "In the heart of the Antarctic Peninsula there's a unique British post office surrounded by jaw-dropping scenery including 3,000 Gentoo penguins. You will see their four-month drama unfold against the backdrop of their lives primarily, cruise ships with enthusiastic tourists to photograph the penguins, and buy postcards to send to friends and family around the world from the Penguin Post Office"
521 ## - TARGET AUDIENCE NOTE
Target audience note NR (Not Rated)
521 8# - TARGET AUDIENCE NOTE
Target audience note Rating: not rated.
538 ## - SYSTEM DETAILS NOTE
System details note Multiple Formats, Color, Widescreen, NTSC.
546 ## - LANGUAGE NOTE
Language note English audio.
650 #0 - SUBJECT ADDED ENTRY--TOPICAL TERM
Topical term or geographic name as entry element Penguins.
9 (RLIN) 5899251
655 #7 - INDEX TERM--GENRE/FORM
Genre/form data or focus term Nature
Form subdivision Television series.
Source of term migfg.
9 (RLIN) 5899252
655 #7 - INDEX TERM--GENRE/FORM
Genre/form data or focus term Science television programs.
Source of term lcsh.
9 (RLIN) 5687478
655 #7 - INDEX TERM--GENRE/FORM
Genre/form data or focus term Television programs.
Source of term lcsh.
9 (RLIN) 5899253
710 2# - ADDED ENTRY--CORPORATE NAME
Corporate name or jurisdiction name as entry element WNET (Television station : New York, N.Y.)
9 (RLIN) 11208
710 2# - ADDED ENTRY--CORPORATE NAME
Corporate name or jurisdiction name as entry element Public Broadcasting Service (PBS-U.S.)
9 (RLIN) 5899254
730 0# - ADDED ENTRY--UNIFORM TITLE
Uniform title Nature (Television program)
9 (RLIN) 21796
830 0# - SERIES ADDED ENTRY--UNIFORM TITLE
Uniform title Nature (television program).
9 (RLIN) 21796
830 0# - SERIES ADDED ENTRY--UNIFORM TITLE
Uniform title Nature (television program).
9 (RLIN) 21796
942 ## - ADDED ENTRY ELEMENTS (KOHA)
Koha item type DVD
948 ## - LOCAL PROCESSING INFORMATION (OCLC); SERIES PART DESIGNATOR (RLIN)
Series part designator, SPT (RLIN) 06/05/2015
z (OCLC) Sirsi
949 ## - LOCAL PROCESSING INFORMATION (OCLC)
n www.MicroMarketing.org 800-229-9887
996 ## -
-- 118680
-- 34301001429937
-- DVD
-- DVD
-- wcl
-- i
-- 5
-- 14.98
-- micro
-- 598.47 Nat
-- 06/05/2015
-- 02/13/2019
-- 02/12/2019
Holdings
Withdrawn status Lost status Source of classification or shelving scheme Damaged status Not for loan Collection code Home library Current library Shelving location Date acquired Source of acquisition Cost, normal purchase price Total Checkouts Total Renewals Full call number Barcode Date last seen Date checked out Cost, replacement price Price effective from Koha item type
    Dewey Decimal Classification     Movies Wasatch County Library Wasatch County Library Audio Visual Area 06/05/2015   14.98 8 5 DVD 598.47 Nat 34301001429937 06/12/2024 05/24/2024 14.98 03/20/2020 DVD
This project was made possible through a grant from the Institute of Museum and Library Service administered by the Utah State Library Division.

Wasatch County Library

  • 465 East 1200 South, Heber City, Utah 84032
  • Phone 435-654-1511 | Fax 435-654-6456

Hours

  • Monday - Friday 9:30 AM - 8:00 PM
  • Saturday 9:30 AM - 1:30 PM
  • Closed Sundays and Holidays